О несоответствии общесоюзному законодательству Постановления ЦИК УССР об изъятии строения из имущества завода им. К. Либкнехта

Доступно только в Электронных читальных залах Найти на картеНа карте
RUSMARC
00004387nac2a22003013x 450
00168d13696-773d-4168-b523-571ba760502d
00520231206161446.0
100##$a20231107l19301930k y0rusy50 ca
1010#$arus
$amul
102##$aRU
105##$ay z |||||
1222#$ad19300505
$ad19300823
2001#$aО несоответствии общесоюзному законодательству Постановления ЦИК УССР об изъятии строения из имущества завода им. К. Либкнехта
$j05.05.1930 - 23.08.1930
215##$a19 листов
$d35,7 х 24,5
251##$cДело
300##$aЧасть текста на языках народов СССР
300##$aДело пронумеровано снизу вверх
300##$aЧасть текста машинописная с рукописными пометками, часть - напечатана типографским способом
324##$aВ деле имеются копии отдельных документов
325##$aМикрофотокопия
461#0$1001796d4672-8a00-4986-b488-6e42273792cc
$12001
$aЦЕНТРАЛЬНЫЙ ИСПОЛНИТЕЛЬНЫЙ КОМИТЕТ СССР (ЦИК СССР).
$1251
$cФонд
$1852
$gР
$j3316
462#0$10017ec774ca-f130-4901-bc43-09a1cb14aa51
$12001
$aДела Секретариата Президиума ЦИК Союза ССР. 1930 г.
$vД. 145
$1251
$cОпись
$1852
$j23
60101$3RU\NLR\AUTH\880357276
$aСССР
$bЦИК
60101$3RU\NLR\AUTH\8810179793
$aУССР
$bЦентральная избирательная комиссия
60102$aЗавод им. К. Либкнехта
801#0$aRU
$bGA_RF
801#1$aRU
$bГлавНИВЦ
$c20231107
$2rusmarc
801#2$aRU
$bПБ им. Б.Н. Ельцина
$c20231206
$gRCR
$2rusmarc
852##$aГА РФ
$j145
937##$d189464416
$hГАРФ
035##$aRuPRLIB51074763
856##$uhttp://readingroom.main.prlib.ru/item.aspx?id_node=n189464416&mode=full
Формат отображения